000 00269nam a2200121Ia 4500
008 220216s9999 xx 000 0 und d
245 0 _aTyre care and safety
260 _bFacts For You
_c2003
300 _a28-29
650 _aTyre
650 _aTyre care
942 _cJS
999 _c71636
_d71636